From Arab Spring to Islamic winter (Registro nro. 242365)

Detalles MARC
000 -ENCABEZADO
Número de control [NR] 01068cam a2200277Mc 4500
005 - FECHA Y HORA DE LA ÚLTIMA TRANSACCIÓN
control field 20140903175107.0
008 - DE LONGITUD FIJA DE DATOS DE ELEMENTOS - INFORMACIÓN GENERAL
Elementos de longitud fija [NR] 140514s2013 xxu fr 001 0 eng d
020 ## - NUMERO INTERNACIONAL NORMALIZADO PARA LIBROS [R]
Número Internacional Normalizado del libro [NR] 9781412852593
040 ## - FUENTE DE CATALOGACION [NR]
Agencia de catalogación original [NR] CO-BoUCM
Idioma de catalogación [NR] spa
Quien Cataloga Jose A. Gerena
Quien Clasifica Jose A. Gerena
041 ## - CODIGO DE IDIOMA [R]
Código de idioma para texto/pista de sonido o título separado [R] Inglés
100 1# - ASIENTO PRINCIPAL--NOMBRE PERSONAL [NR]
Nombre personal [NR] Israeli, Raphael
ID Autoridad 61010
245 10 - MENCION DE TITULO [NR]
Título [NR] From Arab Spring to Islamic winter
Mención de responsabilidad, etc. [NR] Raphael Israeli
260 ## - PUBLICACION, DISTRIBUCION, ETC. (PIE DE IMPRENTA) [R]
Lugar de publicación, distribución, etc. [R] New Brunswick (Nueva Jersey, Estados Unidos)
Nombre del editor, distribuidor, etc. [R] Transaction Publishers
Fecha de publicación, distribución, etc. [R] 2013
300 ## - DESCRIPCION FISICA [R]
Extensión [R] xix, 317 páginas
504 ## - NOTA DE BIBLIOGRAFIA, ETC. [R]
Nota de bibliografía, etc. [NR] Incluye referencias bibliográficas e índices
630 00 - ASIENTO SECUNDARIO DE MATERIA - TITULO UNIFORME [R]
Título uniforme [NR] Primavera arabe
9 (RLIN) 61011
650 #7 - ASIENTO SECUNDARIO DE MATERIA - TERMINO TEMATICO [R]
Término temático o nombre geográfico como elemento de entrada [NR] Estructura social
9 (RLIN) 15153
Subdivisión geográfica [R] Países árabes
650 #7 - ASIENTO SECUNDARIO DE MATERIA - TERMINO TEMATICO [R]
Término temático o nombre geográfico como elemento de entrada [NR] Revoluciones
9 (RLIN) 36399
Subdivisión cronológica [R] Siglo XXI
Subdivisión geográfica [R] Países árabes
651 #4 - ASIENTO SECUNDARIO DE MATERIA - NOMBRE GEOGRAFICO [R]
9 (RLIN) 26935
Nombre geográfico [NR] Egipto
Subdivisión general [R] Política y gobierno
651 #4 - ASIENTO SECUNDARIO DE MATERIA - NOMBRE GEOGRAFICO [R]
9 (RLIN) 41858
Nombre geográfico [NR] Turquía
Subdivisión general [R] Política y gobierno
651 #4 - ASIENTO SECUNDARIO DE MATERIA - NOMBRE GEOGRAFICO [R]
9 (RLIN) 44294
Nombre geográfico [NR] Arabia Saudí
Subdivisión general [R] Política y gobierno
651 #4 - ASIENTO SECUNDARIO DE MATERIA - NOMBRE GEOGRAFICO [R]
Nombre geográfico [NR] Tunes
Subdivisión general [R] Política y gobierno
9 (RLIN) 61012
690 ## - ASUNTO AGREGADO LOCAL DE ENTRADA - TÉRMINO TEMÁTICO (OCLC, RLIN)
9 (RLIN) 42754
Acceso temático local Ciencia política
942 ## - ELEMENTOS DE ENTRADA AGREGADOS (KOHA)
Tema principal Ciencia política
Tipo de ítem principal el descrito en 300a Libro
Edición 1
Parte restante de la signatura top. I858
Sistema de clasificación DEWEY
Clasificación 321.09561
Existencias
Fecha de último préstamo Total préstamos Total Renewals Signatura topográfica Código de barras Última vez visto Ejemplar Costo de reposición Price effective from Tipo de ítem Perdido Sistema de clasificación Dañado No prestable Tipo de ítem específico Suprimido Ubicación habitual Ubicación actual Localización Fecha de creación Proveedor Forma de adquisición Costo
29/04/2019 13 12 321.09561 I858 100141896 05/06/2024 Ej.1 68800.00 13/05/2014 Libro   DEWEY     Libro   Bodega Bodega 3er piso 13/05/2014 15 Compra 68800.00